<?xml version="1.0" encoding="UTF-8"?><?xml-stylesheet type="text/xsl" href="static/style.xsl"?><OAI-PMH xmlns="http://www.openarchives.org/OAI/2.0/" xmlns:xsi="http://www.w3.org/2001/XMLSchema-instance" xsi:schemaLocation="http://www.openarchives.org/OAI/2.0/ http://www.openarchives.org/OAI/2.0/OAI-PMH.xsd"><responseDate>2026-06-06T19:31:30Z</responseDate><request verb="GetRecord" identifier="oai:riuma.uma.es:10630/16624" metadataPrefix="marc">https://riuma.uma.es/rest/oai/request</request><GetRecord><record><header><identifier>oai:riuma.uma.es:10630/16624</identifier><datestamp>2026-02-03T12:04:17Z</datestamp><setSpec>com_10630_2254</setSpec><setSpec>col_10630_37959</setSpec></header><metadata><record xmlns="http://www.loc.gov/MARC21/slim" xmlns:dcterms="http://purl.org/dc/terms/" xmlns:doc="http://www.lyncode.com/xoai" xmlns:xsi="http://www.w3.org/2001/XMLSchema-instance" xsi:schemaLocation="http://www.loc.gov/MARC21/slim http://www.loc.gov/standards/marcxml/schema/MARC21slim.xsd">
   <leader>00925njm 22002777a 4500</leader>
   <datafield ind2=" " ind1=" " tag="042">
      <subfield code="a">dc</subfield>
   </datafield>
   <datafield ind2=" " ind1=" " tag="720">
      <subfield code="a">Ayala-Viñas, Inmaculada</subfield>
      <subfield code="e">author</subfield>
   </datafield>
   <datafield ind2=" " ind1=" " tag="720">
      <subfield code="a">Amor-Pinilla, María Mercedes</subfield>
      <subfield code="e">author</subfield>
   </datafield>
   <datafield ind2=" " ind1=" " tag="720">
      <subfield code="a">Horcas-Aguilera, José Miguel</subfield>
      <subfield code="e">author</subfield>
   </datafield>
   <datafield ind2=" " ind1=" " tag="720">
      <subfield code="a">Fuentes-Fernández, Lidia</subfield>
      <subfield code="e">author</subfield>
   </datafield>
   <datafield ind2=" " ind1=" " tag="260">
      <subfield code="c">2018-10-17</subfield>
   </datafield>
   <datafield ind2=" " ind1=" " tag="520">
      <subfield code="a">Advanced smart home appliances and new models of energy tariffs imposed&#xd;
by energy providers pose new challenges in the automation of home energy&#xd;
management. Users need some assistant tool that helps them to make complex decisions&#xd;
with different goals, depending on the current situation. Multi-agent systems&#xd;
have proved to be a suitable technology to develop self-management systems,&#xd;
able to take the most adequate decision under different context-dependent situations,&#xd;
like the home energy management. The heterogeneity of home appliances&#xd;
and also the changes in the energy policies of providers introduce the necessity of&#xd;
explicitly modeling this variability. But, multi-agent systems lack of mechanisms&#xd;
to effectively deal with the different degrees of variability required by these kinds&#xd;
of systems. Software Product Line technologies, including variability models, has&#xd;
been successfully applied to different domains to explicitly model any kind of variability.&#xd;
We have defined a software product line development process that performs&#xd;
a model driven generation of agents embedded in heterogeneous smart objects with&#xd;
different degrees of self-management. However, once deployed, the home energy&#xd;
assistant system has to be able to evolve to self-adapt its decision making or devices&#xd;
to new requirements. So, in this paper we propose a model driven mechanism to&#xd;
automatically manage the evolution of multi-agent systems distributed among several&#xd;
devices.</subfield>
   </datafield>
   <datafield ind1="8" ind2=" " tag="024">
      <subfield code="a">https://hdl.handle.net/10630/16624</subfield>
   </datafield>
   <datafield tag="653" ind2=" " ind1=" ">
      <subfield code="a">Software</subfield>
   </datafield>
   <datafield ind2="0" ind1="0" tag="245">
      <subfield code="a">Model Driven Evolution of an Agent-Based Home Energy Management System</subfield>
   </datafield>
</record>
</metadata></record></GetRecord></OAI-PMH>